Permisos de emisión transables en Chile: propuesta de sistema para los recursos aire y agua

Guardado en:
Detalles Bibliográficos
Autor Corporativo: Comisión Nacional del Medio Ambiente (Autor)
Formato: Libro
Lenguaje:español
Publicado: Santiago CONAMA 1996
Colección:Documento de Trabajo. Serie Economía Ambiental, 3
Materias:
Etiquetas: Agregar Etiqueta
Sin Etiquetas, Sea el primero en etiquetar este registro!

MARC

LEADER 00000nam a2200000 a 4500
001 UCR4547
003 CL-VaPUC
008 980313e19960000CL |||||||||||||||||spa|d
082 0 4 |a 333.7  |b COM  |2 21 
110 2 |a Comisión Nacional del Medio Ambiente  |e author  |9 404888 
245 1 0 |a Permisos de emisión transables en Chile: propuesta de sistema para los recursos aire y agua 
300 |a 123 p 
942 |c BK 
945 |d 19980313 00:00:00  |a rleighto 
260 |a Santiago  |b CONAMA  |c 1996 
650 7 |a RECURSOS DE AGUA  |2 CL-VaPUC  |9 261958 
650 0 |a Recursos naturales  |9 255232 
650 7 |a CALIDAD AMBIENTAL  |2 CL-VaPUC  |9 338241 
650 7 |a PROYECTO DE LEY  |2 CL-VaPUC  |9 388587 
650 7 |a CONTROL DE LA CONTAMINACION  |2 CL-VaPUC  |9 338077 
650 0 |a Contaminación atmosférica  |9 262775 
650 7 |a CALIDAD DEL AIRE  |2 CL-VaPUC  |9 390994 
650 0 |a Calidad del agua   |9 261394 
583 |a last modification  |c 19980313 00:00:00  |k Rodrigo Vera 
490 0 |a Documento de Trabajo. Serie Economía Ambiental, 3 
999 |c 267481  |d 267479 
952 |0 0  |1 0  |4 0  |6 333_700000000000000_COM_1996  |7 0  |8 P  |9 299820  |a BIBDER  |b BIBDER  |d 2019-11-20  |i 4121554  |o 333.7 COM 1996  |p 4121554  |r 2023-01-25  |w 2019-11-20  |y BK  |k DER